| 000 | 00412nam a22001697a 4500 | ||
|---|---|---|---|
| 003 | CEME | ||
| 005 | 20210628202444.0 | ||
| 008 | 210315b xxu||||| |||| 00| 0 eng d | ||
| 020 | _a0-13-301367-7 | ||
| 040 | _c. | ||
| 082 | _a004.36 JAL'F | ||
| 100 |
_aJalote, P _959973 |
||
| 245 | _aFault tolerance in distributed systems | ||
| 260 |
_aNEWJERSY _bPRENTICE HALL _c1994 |
||
| 300 | _a432P | ||
| 942 |
_cBK _2ddc |
||
| 999 |
_c569825 _d569825 |
||